[Event "2. Bundesliga Mitte 2012/2013"]
[Site "Bad Schallerbach"]
[Date "2012.10.19"]
[Round "1"]
[Board "2"]
[White "Horvath, Tamas"]
[Black "Nemeth, Miklos"]
[Result "1/2-1/2"]
[WhiteElo "2390"]
[BlackElo "2446"]
[PlyCount "46"]
[EventDate "2012.10.19"]
[EventType "team"]
[EventRounds "11"]
[EventCountry "AUT"]
[WhiteTeam "RbEJ Gleisdorf"]
[BlackTeam "SV Steyregg"]

1. e4 e5 2. Nf3 Nc6 3. d4 exd4 4. Nxd4 Nf6 5. Nc3 Bb4 6. Nxc6 bxc6 7. Bd3 d5 8.
exd5 cxd5 9. O-O O-O 10. Bg5 c6 11. Qf3 Bd6 12. Bxf6 Qxf6 13. Qxf6 gxf6 14. Na4
Rb8 15. b3 Be6 16. Rac1 Ba3 17. Rb1 Rfe8 18. h3 Kg7 19. Rfe1 Bd6 20. Rbc1 Ba3
21. Rb1 Bd6 22. Rbc1 Ba3 23. Rb1 Bd6 1/2-1/2

[Event "2. Bundesliga Mitte 2012/2013"]
[Site "Bad Schallerbach"]
[Date "2012.10.19"]
[Round "1"]
[Board "3"]
[White "Enoeckl, Philipp"]
[Black "Degtiarev, Evgeny"]
[Result "1/2-1/2"]
[WhiteElo "2316"]
[BlackElo "2378"]
[PlyCount "77"]
[EventDate "2012.10.19"]
[EventType "team"]
[EventRounds "11"]
[EventCountry "AUT"]
[WhiteTeam "SV Steyregg"]
[BlackTeam "RbEJ Gleisdorf"]

1. d4 Nf6 2. Bg5 e6 3. e3 b6 4. Nf3 Bb7 5. Bd3 h6 6. Bxf6 Qxf6 7. Nbd2 g5 8. h3
Qe7 9. Qe2 Bg7 10. O-O-O d6 11. c3 a6 12. e4 Nd7 13. Kb1 b5 14. Nb3 Rb8 15. Na5
Ba8 16. b4 c5 17. a3 c4 18. Bc2 Nb6 19. Rde1 Kd7 20. Nd2 Kc7 21. Nf1 Qd7 22.
Ng3 Rhf8 23. h4 gxh4 24. Rxh4 f5 25. exf5 exf5 26. Qe7 Be4 27. Qxd7+ Kxd7 28.
Bxe4 fxe4 29. Nxe4 Rf7 30. Rg4 Kc7 31. f3 Re7 32. Rh1 Na4 33. Rh5 Rd8 34. Rg6
Rdd7 35. Kc2 d5 36. Nc5 Re2+ 37. Kc1 Nxc3 38. Nxd7 Bxd4 39. Rf6 1/2-1/2

[Event "2. Bundesliga Mitte 2012/2013"]
[Site "Bad Schallerbach"]
[Date "2012.10.19"]
[Round "1"]
[Board "4"]
[White "Wegerer, Fred"]
[Black "Wiesinger, Robert"]
[Result "1/2-1/2"]
[WhiteElo "2194"]
[BlackElo "2244"]
[PlyCount "65"]
[EventDate "2012.10.19"]
[EventType "team"]
[EventRounds "11"]
[EventCountry "AUT"]
[WhiteTeam "RbEJ Gleisdorf"]
[BlackTeam "SV Steyregg"]

1. Nf3 d5 2. e3 g6 3. c4 Nf6 4. b3 Bg7 5. Bb2 dxc4 6. bxc4 c5 7. Be2 O-O 8. O-O
Nc6 9. d3 Qc7 10. Nc3 Rd8 11. Qb3 b6 12. Rac1 Bb7 13. h3 Rac8 14. Rfd1 Qb8 15.
a3 Rd7 16. Qa2 Rcd8 17. Ne1 Na5 18. Nb1 Bc6 19. Nc3 a6 20. a4 Bb7 21. Ba3 Qc7
22. Rb1 Ne8 23. Qc2 Bc6 24. Bf3 Bxf3 25. Nxf3 e6 26. Ne4 f5 27. Neg5 Qc6 28.
Ne1 e5 29. h4 Bf6 30. Bb2 Nd6 31. Bc3 Nab7 32. Nef3 Re8 33. Qb2 1/2-1/2

[Event "2. Bundesliga Mitte 2012/2013"]
[Site "Bad Schallerbach"]
[Date "2012.10.19"]
[Round "1"]
[Board "5"]
[White "Kubinger, Thomas"]
[Black "Watzka, Horst"]
[Result "0-1"]
[WhiteElo "2175"]
[BlackElo "2259"]
[PlyCount "54"]
[EventDate "2012.10.19"]
[EventType "team"]
[EventRounds "11"]
[EventCountry "AUT"]
[WhiteTeam "SV Steyregg"]
[BlackTeam "RbEJ Gleisdorf"]

1. d4 Nf6 2. Bg5 d5 3. Bxf6 gxf6 4. e3 c5 5. dxc5 Qa5+ 6. Nd2 e6 7. c4 dxc4 8.
Bxc4 Bxc5 9. Ngf3 Be7 10. O-O O-O 11. Ne4 Nc6 12. Nd4 Nxd4 13. Qxd4 Kg7 14. Ng3
Rd8 15. Qf4 Bd7 16. Rfd1 Bc6 17. Bd3 Qg5 18. Rac1 Rac8 19. h4 Qxf4 20. Nh5+ Kh6
21. Nxf4 f5 22. g3 Bf6 23. b3 Be5 24. Kf1 Bb2 25. Rc2 Ba3 26. Ke2 Rd6 27. Re1
Rcd8 0-1

[Event "2. Bundesliga Mitte 2012/2013"]
[Site "Bad Schallerbach"]
[Date "2012.10.19"]
[Round "1"]
[Board "6"]
[White "Sandner, Wolfgang"]
[Black "Forstner, Joerg"]
[Result "1/2-1/2"]
[WhiteElo "2209"]
[BlackElo "2127"]
[PlyCount "60"]
[EventDate "2012.10.19"]
[EventType "team"]
[EventRounds "11"]
[EventCountry "AUT"]
[WhiteTeam "RbEJ Gleisdorf"]
[BlackTeam "SV Steyregg"]

1. e4 b6 2. Nf3 Bb7 3. d3 Nc6 4. g3 e5 5. Bg2 Nf6 6. O-O Be7 7. b3 d6 8. Bb2
O-O 9. Re1 Re8 10. Nbd2 a5 11. a4 Bf8 12. Nc4 g6 13. Qd2 Bg7 14. Nh4 Nh5 15.
Bf3 Nf4 16. Ng2 Nh3+ 17. Kf1 h5 18. c3 Qf6 19. Qe3 Kh7 20. Bc1 Nd8 21. Qe2 Ng5
22. Nh4 Nxf3 23. Qxf3 Qxf3 24. Nxf3 Ne6 25. Ng5+ Nxg5 26. Bxg5 Ba6 27. Red1
Bxc4 28. dxc4 Bh6 29. Bxh6 Kxh6 30. Ke2 Kg5 1/2-1/2

[Event "2. Bundesliga Mitte 2012/2013"]
[Site "Bad Schallerbach"]
[Date "2012.10.19"]
[Round "1"]
[Board "1"]
[White "Flumbort, Andras"]
[Black "Freitag, Manfred"]
[Result "0-1"]
[WhiteElo "2492"]
[BlackElo "2385"]
[PlyCount "83"]
[EventDate "2012.10.19"]
[EventType "team"]
[EventRounds "11"]
[EventCountry "AUT"]
[WhiteTeam "ASK St. Valentin"]
[BlackTeam "ESV Austria Graz"]

1. d4 d5 2. c4 e6 3. Nf3 c5 4. cxd5 exd5 5. Nc3 Nf6 6. g3 Nc6 7. Bg2 Be7 8. O-O
O-O 9. b3 Be6 10. Bb2 Rc8 11. dxc5 Bxc5 12. Na4 Be7 13. Nd4 Ne4 14. Rc1 Nxd4
15. Qxd4 Bf6 16. Rxc8 Qxc8 17. Qxa7 Bxb2 18. Nxb2 Qc2 19. Nd3 Nc3 20. Nf4 Nxe2+
21. Nxe2 Qxe2 22. Qxb7 d4 23. a4 d3 24. Bf3 Qe5 25. b4 d2 26. Qe7 Rc8 27. b5
Qd4 28. Qa3 Rc3 29. Qb2 Qd3 30. b6 Rb3 31. Qe5 Rxb6 32. Be2 Qd6 33. Qe3 Rb3 34.
Qe4 g6 35. a5 Bf5 36. Qe8+ Kg7 37. a6 Ra3 38. Qb5 Qd4 39. Kg2 Be4+ 40. f3 Bc2
41. Rg1 h5 42. Rh1 0-1

[Event "2. Bundesliga Mitte 2012/2013"]
[Site "Bad Schallerbach"]
[Date "2012.10.19"]
[Round "1"]
[Board "2"]
[White "Karner, Christoph"]
[Black "Hajnal, Zoltan"]
[Result "1-0"]
[WhiteElo "2304"]
[BlackElo "2368"]
[PlyCount "63"]
[EventDate "2012.10.19"]
[EventType "team"]
[EventRounds "11"]
[EventCountry "AUT"]
[WhiteTeam "ESV Austria Graz"]
[BlackTeam "ASK St. Valentin"]

1. d4 d5 2. c4 c6 3. cxd5 cxd5 4. Nf3 Nc6 5. Nc3 Nf6 6. Bf4 a6 7. Rc1 Bf5 8. e3
e6 9. Qb3 Ra7 10. Be2 Be7 11. O-O Nd7 12. Na4 O-O 13. Nc5 Nxc5 14. dxc5 Bg4 15.
Qb6 Qa8 16. h3 Bh5 17. Qb3 e5 18. g4 exf4 19. gxh5 Qc8 20. Kg2 Qf5 21. Nh2 d4
22. Bg4 Qe5 23. Nf3 Qe4 24. exd4 Nxd4 25. Qa4 Bf6 26. Rc4 Qc6 27. Rxd4 Qxc5 28.
Rd2 Bxb2 29. Rxb2 f5 30. Qb3+ Kh8 31. Rc2 Qa5 32. Ng5 1-0

[Event "2. Bundesliga Mitte 2012/2013"]
[Site "Bad Schallerbach"]
[Date "2012.10.19"]
[Round "1"]
[Board "3"]
[White "Sandhoefner, Florian"]
[Black "Aschenbrenner, Robert"]
[Result "1/2-1/2"]
[WhiteElo "2221"]
[BlackElo "2264"]
[PlyCount "64"]
[EventDate "2012.10.19"]
[EventType "team"]
[EventRounds "11"]
[EventCountry "AUT"]
[WhiteTeam "ASK St. Valentin"]
[BlackTeam "ESV Austria Graz"]

1. e4 c6 2. d4 d5 3. Nd2 dxe4 4. Nxe4 Bf5 5. Ng3 Bg6 6. Bc4 e6 7. N1e2 Bd6 8.
Nf4 Nf6 9. Bb3 Nd5 10. Nxg6 hxg6 11. Qf3 Qf6 12. Qxf6 Nxf6 13. O-O Nbd7 14. Re1
O-O-O 15. c3 c5 16. dxc5 Nxc5 17. Bc2 Bxg3 18. hxg3 Nd3 19. Bxd3 Rxd3 20. Be3
b6 21. Rad1 Rhd8 22. Rxd3 Rxd3 23. Kf1 Rd7 24. Bd4 Kc7 25. Ke2 Kc6 26. Kf3 Rd5
27. g4 Ne8 28. Kg3 g5 29. Be3 f6 30. c4 Rd7 31. Rc1 Nc7 32. Kf3 a5 1/2-1/2

[Event "2. Bundesliga Mitte 2012/2013"]
[Site "Bad Schallerbach"]
[Date "2012.10.19"]
[Round "1"]
[Board "4"]
[White "Fahrner, Kurt"]
[Black "Kranzl, Peter"]
[Result "0-1"]
[WhiteElo "2378"]
[BlackElo "2239"]
[PlyCount "74"]
[EventDate "2012.10.19"]
[EventType "team"]
[EventRounds "11"]
[EventCountry "AUT"]
[WhiteTeam "ESV Austria Graz"]
[BlackTeam "ASK St. Valentin"]

1. c4 Nf6 2. g3 g6 3. Bg2 Bg7 4. Nc3 O-O 5. e4 d6 6. Nge2 c5 7. O-O Nc6 8. d3
a6 9. h3 Rb8 10. a4 Ne8 11. Be3 Nc7 12. d4 cxd4 13. Nxd4 Ne6 14. Nde2 Nc5 15.
Rb1 f5 16. b4 Nxe4 17. Nxe4 fxe4 18. Qd5+ Kh8 19. Rfd1 a5 20. b5 Nb4 21. Rxb4
axb4 22. c5 Qa5 23. cxd6 exd6 24. Bd4 Qc7 25. Bxe4 Bxh3 26. Nf4 Bg4 27. Rb1
Rbe8 28. Rxb4 Bc8 29. Rc4 Qe7 30. Bxg6 Rxf4 31. Bxe8 Qe1+ 32. Kh2 Bxd4 33. Rxc8
Rxf2+ 34. Kh3 Qf1+ 35. Kg4 Qe2+ 36. Kg5 Be3+ 37. Kh4 Rh2# 0-1

[Event "2. Bundesliga Mitte 2012/2013"]
[Site "Bad Schallerbach"]
[Date "2012.10.19"]
[Round "1"]
[Board "5"]
[White "Theuretzbacher, Klaus"]
[Black "Ebner, Hubert"]
[Result "1-0"]
[WhiteElo "2234"]
[BlackElo "2222"]
[PlyCount "89"]
[EventDate "2012.10.19"]
[EventType "team"]
[EventRounds "11"]
[EventCountry "AUT"]
[WhiteTeam "ASK St. Valentin"]
[BlackTeam "ESV Austria Graz"]

1. e4 c5 2. d4 cxd4 3. c3 dxc3 4. Nxc3 Nc6 5. Nf3 d6 6. Bc4 e6 7. O-O Be7 8.
Qe2 Nf6 9. Rd1 e5 10. h3 O-O 11. Be3 Be6 12. Bb5 Nd7 13. Rac1 a6 14. Ba4 b5 15.
Bc2 Rc8 16. Bb1 Nf6 17. g4 Nxg4 18. hxg4 Bxg4 19. Nd5 Re8 20. Kh2 Bf8 21. Rg1
h5 22. Rc3 Nd4 23. Bxd4 exd4 24. Rxc8 Qxc8 25. Qd3 Qd8 26. Rg3 g6 27. Nxd4 Bg7
28. Kg2 Be5 29. Nc6 Qg5 30. Nxe5 Qxe5 31. Qc3 Kg7 32. Qxe5+ dxe5 33. Rc3 h4 34.
Rc6 h3+ 35. Kh2 f5 36. Ne3 Bf3 37. Rc7+ Kf6 38. exf5 gxf5 39. Bxf5 Rd8 40. Bxh3
Rd2 41. Rc2 Rd8 42. Bg2 Rh8+ 43. Kg3 Bh5 44. Rc6+ Kg5 45. Rxa6 1-0

[Event "2. Bundesliga Mitte 2012/2013"]
[Site "Bad Schallerbach"]
[Date "2012.10.19"]
[Round "1"]
[Board "6"]
[White "Spindelboeck, Gernot"]
[Black "Heimberger, Reinhard"]
[Result "1/2-1/2"]
[WhiteElo "2233"]
[BlackElo "2300"]
[PlyCount "113"]
[EventDate "2012.10.19"]
[EventType "team"]
[EventRounds "11"]
[EventCountry "AUT"]
[WhiteTeam "ESV Austria Graz"]
[BlackTeam "ASK St. Valentin"]

1. d4 d5 2. c4 e6 3. Nf3 c6 4. Qc2 Nf6 5. g3 Nbd7 6. Bg2 Bd6 7. O-O O-O 8. Bf4
Bxf4 9. gxf4 dxc4 10. Qxc4 Nb6 11. Qc2 Nbd5 12. e3 b6 13. Nc3 Ba6 14. Rfd1 Qe7
15. Ne5 Rac8 16. Qa4 Bb7 17. Rac1 a6 18. Ne2 c5 19. dxc5 Rxc5 20. Rxc5 Qxc5 21.
Rc1 Qb5 22. Qxb5 axb5 23. a3 Rc8 24. Rxc8+ Bxc8 25. b4 Kf8 26. Nd4 Nc3 27. Bf1
Ba6 28. Nec6 Nd7 29. Bd3 g6 30. Kf1 Bb7 31. Ke1 Nf6 32. Nxb5 Ncd5 33. Nbd4 h5
34. a4 Nd7 35. Kd2 Nc7 36. Kc3 Nf6 37. h3 Ke8 38. a5 Nfd5+ 39. Kb3 bxa5 40.
Nxa5 Bc8 41. h4 Kd7 42. Nc4 Ba6 43. Ne5+ Ke7 44. b5 Bb7 45. Ndc6+ Kd6 46. Nxf7+
Kc5 47. Nd4 Nxf4 48. Bc2 Ng2 49. Bxg6 Nxh4 50. Bxh5 Nf5 51. Nxf5 exf5 52. b6
Bd5+ 53. Kc3 Nb5+ 54. Kd2 Kxb6 55. Nh6 Nd6 56. Kd3 Kc5 57. Bg6 1/2-1/2

[Event "2. Bundesliga Mitte 2012/2013"]
[Site "Bad Schallerbach"]
[Date "2012.10.20"]
[Round "2"]
[Board "1"]
[White "Kozul, Zdenko"]
[Black "Rabiega, Robert"]
[Result "1-0"]
[WhiteElo "2621"]
[BlackElo "2515"]
[PlyCount "55"]
[EventDate "2012.10.19"]
[EventType "team"]
[EventRounds "11"]
[EventCountry "AUT"]
[WhiteTeam "Schachverein Wolfsberg"]
[BlackTeam "StrassenbahnGraz"]

1. d4 d5 2. c4 dxc4 3. Nf3 Nf6 4. e3 Bg4 5. Bxc4 e6 6. h3 Bh5 7. Nc3 Nbd7 8.
O-O Bb4 9. Be2 O-O 10. Qb3 c5 11. Rd1 Rc8 12. Ne5 Bxe2 13. Nxe2 Qc7 14. Nxd7
Nxd7 15. e4 Qc6 16. Ng3 Nb6 17. a3 Ba5 18. Qf3 Nd7 19. dxc5 Ne5 20. Qe2 Bc7 21.
b4 Ng6 22. Nh5 f5 23. Bb2 e5 24. Qc4+ Kh8 25. Qd5 fxe4 26. Qxc6 bxc6 27. Rd7
Nh4 28. Ng3 1-0

[Event "2. Bundesliga Mitte 2012/2013"]
[Site "Bad Schallerbach"]
[Date "2012.10.20"]
[Round "2"]
[Board "2"]
[White "Grunberg, Mihai-Lucian"]
[Black "Stevic, Hrvoje"]
[Result "0-1"]
[WhiteElo "2426"]
[BlackElo "2616"]
[PlyCount "90"]
[EventDate "2012.10.19"]
[EventType "team"]
[EventRounds "11"]
[EventCountry "AUT"]
[WhiteTeam "StrassenbahnGraz"]
[BlackTeam "Schachverein Wolfsberg"]

1. d4 d5 2. Nf3 Bf5 3. c4 e6 4. Nc3 Nc6 5. cxd5 exd5 6. Bf4 Bd6 7. Bg3 Nf6 8.
e3 O-O 9. Be2 Ne7 10. O-O c6 11. Nd2 Nc8 12. a3 Bxg3 13. hxg3 Qe7 14. b4 a6 15.
Qb3 b5 16. Na2 Nb6 17. Nc1 Nc4 18. Qc3 a5 19. Ncb3 axb4 20. axb4 Nd7 21. Nc5
Nxc5 22. bxc5 Nxd2 23. Qxd2 Qb7 24. Bd3 Bxd3 25. Qxd3 b4 26. Rxa8 Rxa8 27. Rb1
g6 28. g4 Rb8 29. Rb3 Qa7 30. g5 Qa1+ 31. Qb1 Qa4 32. g3 Kg7 33. Kg2 h6 34.
gxh6+ Kxh6 35. g4 Kg7 36. g5 Qb5 37. Kf3 Qb7 38. Ke2 Qa6+ 39. Kf3 Qb7 40. Ke2
Qa6+ 41. Kf3 Rh8 42. e4 Qc4 43. Rxb4 Qc3+ 44. Kf4 Qh3 45. exd5 Rh4+ 0-1

[Event "2. Bundesliga Mitte 2012/2013"]
[Site "Bad Schallerbach"]
[Date "2012.10.20"]
[Round "2"]
[Board "3"]
[White "Jovanovic, Zoran"]
[Black "Supancic, Darko"]
[Result "1-0"]
[WhiteElo "2516"]
[BlackElo "2370"]
[PlyCount "65"]
[EventDate "2012.10.19"]
[EventType "team"]
[EventRounds "11"]
[EventCountry "AUT"]
[WhiteTeam "Schachverein Wolfsberg"]
[BlackTeam "StrassenbahnGraz"]

1. e4 c5 2. Nf3 d6 3. Nc3 Nf6 4. e5 dxe5 5. Nxe5 Nbd7 6. d4 e6 7. Bb5 a6 8.
Bxd7+ Nxd7 9. Qh5 Nxe5 10. dxe5 Qc7 11. Bf4 b5 12. O-O-O Bb7 13. Rhe1 Rd8 14.
Rxd8+ Qxd8 15. Qg4 h5 16. Qg3 g6 17. Rd1 Qc7 18. Bg5 Be7 19. Bxe7 Qxe7 20. Ne2
h4 21. Qg4 Rh5 22. f4 Kf8 23. Nc3 b4 24. Na4 Bc6 25. b3 Bxa4 26. bxa4 Qe8 27.
Qf3 Kg7 28. Qb7 Qxa4 29. Qe7 Rh7 30. Rd8 Kh6 31. Qxh4+ Kg7 32. Qf6+ Kh6 33. Rd3
1-0

[Event "2. Bundesliga Mitte 2012/2013"]
[Site "Bad Schallerbach"]
[Date "2012.10.20"]
[Round "2"]
[Board "5"]
[White "Waldmann, Gerald"]
[Black "Steiner, Stefan"]
[Result "1/2-1/2"]
[WhiteElo "2166"]
[BlackElo "2249"]
[PlyCount "59"]
[EventDate "2012.10.19"]
[EventType "team"]
[EventRounds "11"]
[EventCountry "AUT"]
[WhiteTeam "Schachverein Wolfsberg"]
[BlackTeam "StrassenbahnGraz"]

1. e4 Nc6 2. d4 d5 3. Nc3 Nf6 4. e5 Nd7 5. Nxd5 Ndb8 6. Ne3 Qxd4 7. Qxd4 Nxd4
8. c3 Ne6 9. g3 Bd7 10. Bg2 Bc6 11. Ne2 Bxg2 12. Nxg2 Nc6 13. f4 Nc5 14. O-O
Nd3 15. Rb1 Nxc1 16. Rbxc1 e6 17. Kf2 O-O-O 18. Rfd1 Bc5+ 19. Kf3 a6 20. Ne3 h5
21. Rxd8+ Rxd8 22. Rd1 Rh8 23. h4 g6 24. Nc1 Ne7 25. Nd3 Bb6 26. Nf2 Nf5 27.
Nc4 Bxf2 28. Kxf2 Rd8 29. Rxd8+ Kxd8 30. Ne3 1/2-1/2

[Event "2. Bundesliga Mitte 2012/2013"]
[Site "Bad Schallerbach"]
[Date "2012.10.20"]
[Round "2"]
[Board "6"]
[White "Schink, Barbara"]
[Black "Toefferl, Heimo"]
[Result "1-0"]
[WhiteElo "2167"]
[BlackElo "2136"]
[PlyCount "73"]
[EventDate "2012.10.19"]
[EventType "team"]
[EventRounds "11"]
[EventCountry "AUT"]
[WhiteTeam "StrassenbahnGraz"]
[BlackTeam "Schachverein Wolfsberg"]

1. e4 e6 2. d4 d5 3. Nc3 Bb4 4. e5 b6 5. a3 Bf8 6. Nf3 Ne7 7. Bb5+ c6 8. Ba4 a5
9. Ne2 Ba6 10. c3 Nd7 11. O-O Qc7 12. Re1 h6 13. Nf4 g6 14. h3 Nf5 15. Nh2 Be7
16. Ng4 O-O-O 17. b4 axb4 18. cxb4 Bc4 19. Bc2 Kb7 20. Ne3 b5 21. Nxf5 gxf5 22.
Bd2 Nb6 23. Re3 Bg5 24. Rg3 Rdg8 25. Nh5 Rg6 26. Nf4 Rgg8 27. Qh5 Qe7 28. Rc1
Ra8 29. h4 Bxh4 30. Rg7 Ka6 31. Rxf7 Qe8 32. Qg6 Rg8 33. Nxe6 Be7 34. Nc7+ Kb7
35. Nxe8 Rxg6 36. Rxe7+ Kb8 37. Nd6 1-0

[Event "2. Bundesliga Mitte 2012/2013"]
[Site "Bad Schallerbach"]
[Date "2012.10.20"]
[Round "2"]
[Board "1"]
[White "Tratar, Marko"]
[Black "Wittmann, Walter"]
[Result "1-0"]
[WhiteElo "2508"]
[BlackElo "2245"]
[PlyCount "53"]
[EventDate "2012.10.19"]
[EventType "team"]
[EventRounds "11"]
[EventCountry "AUT"]
[WhiteTeam "Schachclub MPOE Maria Saal"]
[BlackTeam "Union Styria Graz"]

1. d4 d5 2. c4 e6 3. Nf3 Nf6 4. g3 dxc4 5. Bg2 Bd7 6. Ne5 Bc6 7. Nxc6 Nxc6 8.
O-O Qd7 9. e3 h5 10. Nd2 Nd5 11. Nxc4 f5 12. a3 b5 13. Nd2 h4 14. Nf3 hxg3 15.
hxg3 a6 16. Qe2 Nf6 17. Ne5 Nxe5 18. Bxa8 Nf7 19. e4 fxe4 20. Bxe4 e5 21. dxe5
Nxe4 22. Qxe4 Qh3 23. Qc6+ Ke7 24. Qxc7+ Ke8 25. Qc6+ Ke7 26. Qg2 Qh5 27. Re1
1-0

[Event "2. Bundesliga Mitte 2012/2013"]
[Site "Bad Schallerbach"]
[Date "2012.10.20"]
[Round "2"]
[Board "2"]
[White "Manhardt, Thomas"]
[Black "Handler, Lukas"]
[Result "1/2-1/2"]
[WhiteElo "2152"]
[BlackElo "2369"]
[PlyCount "119"]
[EventDate "2012.10.19"]
[EventType "team"]
[EventRounds "11"]
[EventCountry "AUT"]
[WhiteTeam "Union Styria Graz"]
[BlackTeam "Schachclub MPOE Maria Saal"]

1. e4 e5 2. Nf3 Nc6 3. Bb5 a6 4. Bxc6 dxc6 5. O-O f6 6. d4 Bg4 7. dxe5 Qxd1 8.
Rxd1 fxe5 9. Nbd2 O-O-O 10. Re1 Bd6 11. h3 Bh5 12. Nh4 h6 13. Nf5 Rh7 14. Nc4
Bf7 15. Ncxd6+ cxd6 16. Bd2 g6 17. Nh4 Kc7 18. b3 Ne7 19. Rad1 Be6 20. Nf3 Rd7
21. Nh2 g5 22. Ng4 Rh8 23. c4 Ng6 24. Bc3 h5 25. Ne3 g4 26. Nf5 gxh3 27. g3 Rf8
28. Nxd6 Rxd6 29. Ba5+ Kd7 30. Bb4 Rxd1 31. Rxd1+ Ke8 32. Bxf8 Nxf8 33. f4 Bg4
34. Rd6 exf4 35. gxf4 Ne6 36. f5 Ng5 37. Rg6 Nxe4 38. Re6+ Kd7 39. Rxe4 Bxf5
40. Rd4+ Kc7 41. c5 a5 42. Rf4 Be6 43. Kh2 Bg4 44. Rf8 b5 45. Ra8 Kb7 46. Rxa5
Be6 47. b4 Bg4 48. a4 bxa4 49. Rxa4 Bf5 50. Ra3 Bg4 51. Re3 Ka6 52. Re7 Kb5 53.
Rb7+ Kc4 54. Kg3 Kd5 55. Rc7 Kc4 56. Rxc6 Kxb4 57. Rc7 Kc4 58. Kh2 Kd5 59. Kg3
Kc4 60. Kh2 1/2-1/2

[Event "2. Bundesliga Mitte 2012/2013"]
[Site "Bad Schallerbach"]
[Date "2012.10.20"]
[Round "2"]
[Board "5"]
[White "Halvax, Georg"]
[Black "Stagl, Marco"]
[Result "1-0"]
[WhiteElo "2282"]
[BlackElo "2079"]
[PlyCount "63"]
[EventDate "2012.10.19"]
[EventType "team"]
[EventRounds "11"]
[EventCountry "AUT"]
[WhiteTeam "Schachclub MPOE Maria Saal"]
[BlackTeam "Union Styria Graz"]

1. e4 c5 2. Nf3 d6 3. d4 cxd4 4. Nxd4 Nf6 5. Nc3 Nc6 6. Bg5 e6 7. Qd2 a6 8.
O-O-O Bd7 9. f3 h6 10. Be3 Qc7 11. Kb1 Be7 12. g4 Nxd4 13. Bxd4 b5 14. h4 b4
15. Ne2 e5 16. Be3 Be6 17. Bh3 Nd7 18. g5 Bxh3 19. Rxh3 hxg5 20. Bxg5 Rc8 21.
Rc1 Qc4 22. Ng3 g6 23. h5 Nc5 24. Bxe7 Kxe7 25. hxg6 Rxh3 26. Nf5+ Kf6 27. Rg1
Ne6 28. g7 Rg8 29. Ne3 Rxg7 30. Qf2 Rh1 31. Nf5 Qe2 32. Qh4+ 1-0

[Event "2. Bundesliga Mitte 2012/2013"]
[Site "Bad Schallerbach"]
[Date "2012.10.20"]
[Round "2"]
[Board "1"]
[White "Haba, Petr"]
[Black "Pilaj, Herwig"]
[Result "1/2-1/2"]
[WhiteElo "2463"]
[BlackElo "2345"]
[PlyCount "61"]
[EventDate "2012.10.19"]
[EventType "team"]
[EventRounds "11"]
[EventCountry "AUT"]
[WhiteTeam "Spg. Grieskirchen/B.Schallerbach"]
[BlackTeam "SC Die Klagenfurter"]

1. d4 d5 2. c4 c6 3. Nf3 Nf6 4. Nc3 dxc4 5. a4 Bf5 6. Ne5 Nbd7 7. Nxc4 Nb6 8.
Ne5 a5 9. g3 Nfd7 10. Nxd7 Qxd7 11. e4 Bh3 12. Bxh3 Qxh3 13. Qb3 Ra6 14. Bf4 e6
15. Be5 f6 16. Bc7 Bb4 17. O-O-O O-O 18. Bxb6 Rxb6 19. Kb1 Kh8 20. Ne2 Qg2 21.
Qe3 f5 22. exf5 exf5 23. f3 Bc3 24. Qxc3 Qxe2 25. Rd2 Qe7 26. Qc5 Qxc5 27. dxc5
Rb4 28. Re1 h5 29. Rd7 f4 30. Re5 fxg3 31. Rxh5+ 1/2-1/2

[Event "2. Bundesliga Mitte 2012/2013"]
[Site "Bad Schallerbach"]
[Date "2012.10.20"]
[Round "2"]
[Board "2"]
[White "Wertjanz, David"]
[Black "Kilgus, Georg"]
[Result "1/2-1/2"]
[WhiteElo "2259"]
[BlackElo "2400"]
[PlyCount "81"]
[EventDate "2012.10.19"]
[EventType "team"]
[EventRounds "11"]
[EventCountry "AUT"]
[WhiteTeam "SC Die Klagenfurter"]
[BlackTeam "Spg. Grieskirchen/B.Schallerbach"]

1. e4 e6 2. d4 d5 3. Nd2 c5 4. Ngf3 cxd4 5. exd5 Qxd5 6. Bc4 Qd7 7. Nb3 Nc6 8.
O-O Nf6 9. Qe2 a6 10. a4 Bd6 11. Rd1 Qc7 12. h3 O-O 13. Nbxd4 Nxd4 14. Nxd4
Bh2+ 15. Kh1 Bf4 16. Bxf4 Qxf4 17. Ra3 Bd7 18. Rf3 Qc7 19. Bd3 Rfd8 20. Rxf6
gxf6 21. Qh5 Qe5 22. Qxh7+ Kf8 23. c3 f5 24. b3 Rac8 25. Qh6+ Qg7 26. Qh4 e5
27. Nf3 Bc6 28. Ng5 Rd6 29. Qb4 Rcd8 30. Be4 Qg6 31. Bxc6 bxc6 32. Nf3 Qe6 33.
Qc5 f6 34. c4 Kf7 35. Rxd6 Rxd6 36. Qa7+ Qd7 37. Qxa6 Rd1+ 38. Kh2 e4 39. Nh4
Qc7+ 40. g3 f4 41. c5 1/2-1/2

[Event "2. Bundesliga Mitte 2012/2013"]
[Site "Bad Schallerbach"]
[Date "2012.10.20"]
[Round "2"]
[Board "3"]
[White "Singer, Christoph"]
[Black "Genser, Harald"]
[Result "1-0"]
[WhiteElo "2325"]
[BlackElo "2290"]
[PlyCount "107"]
[EventDate "2012.10.19"]
[EventType "team"]
[EventRounds "11"]
[EventCountry "AUT"]
[WhiteTeam "Spg. Grieskirchen/B.Schallerbach"]
[BlackTeam "SC Die Klagenfurter"]

1. e4 c6 2. d4 d5 3. exd5 cxd5 4. Bd3 Nc6 5. c3 Qc7 6. h3 Nf6 7. Nf3 g6 8. O-O
Bf5 9. Bxf5 gxf5 10. Qe2 e6 11. c4 dxc4 12. Qxc4 Nd5 13. Nc3 Rd8 14. Bg5 Be7
15. Nxd5 Rxd5 16. Bxe7 Kxe7 17. Rfe1 Qd6 18. Rad1 Rd8 19. Qc1 Nxd4 20. Qg5+ Kd7
21. Nxd4 Rxd4 22. Qh5 Ke7 23. Rxd4 Qxd4 24. Qxf5 Rd5 25. Qxh7 b5 26. Qc2 Rc5
27. Qe2 a5 28. b3 Rf5 29. Rc1 Rc5 30. Rxc5 Qxc5 31. g3 a4 32. Qe3 Qb4 33. bxa4
bxa4 34. a3 Qb3 35. Qc5+ Kf6 36. h4 Kg7 37. Kg2 Qb7+ 38. Kh2 Qf3 39. Qe3 Qd1
40. Qc3+ Kg8 41. Kg2 Qb3 42. Qe3 Qd5+ 43. Qf3 Qc4 44. h5 Kg7 45. Kh3 Qf1+ 46.
Kh4 Qa1 47. Qg4+ Kh7 48. Qxa4 Qh1+ 49. Kg4 f5+ 50. Kg5 Qc1+ 51. Qf4 Qc5 52. Qb4
Qc1+ 53. f4 Qc7 54. Qf8 1-0

[Event "2. Bundesliga Mitte 2012/2013"]
[Site "Bad Schallerbach"]
[Date "2012.10.20"]
[Round "2"]
[Board "4"]
[White "Petschar, Kurt"]
[Black "Schwabeneder, Florian"]
[Result "1/2-1/2"]
[WhiteElo "2295"]
[BlackElo "2291"]
[PlyCount "81"]
[EventDate "2012.10.19"]
[EventType "team"]
[EventRounds "11"]
[EventCountry "AUT"]
[WhiteTeam "SC Die Klagenfurter"]
[BlackTeam "Spg. Grieskirchen/B.Schallerbach"]

1. d4 Nf6 2. Nf3 c5 3. d5 e6 4. c4 exd5 5. cxd5 d6 6. Nc3 g6 7. g3 Bg7 8. Bg2
O-O 9. O-O Na6 10. Nd2 Nc7 11. a4 b6 12. Nc4 Ba6 13. Qb3 Qe7 14. Bf4 Bxc4 15.
Qxc4 Nd7 16. Rfe1 Ne5 17. Qb3 a6 18. Bxe5 Bxe5 19. e3 Rfb8 20. Reb1 b5 21. axb5
axb5 22. Qc2 b4 23. Rxa8 Rxa8 24. Ne4 h5 25. Nd2 h4 26. Nc4 hxg3 27. hxg3 Ne8
28. Qe4 f5 29. Qd3 Ng7 30. g4 Bf6 31. gxf5 Nxf5 32. Be4 Nh4 33. Kf1 Kf7 34. Ke2
g5 35. Bf5 Ke8 36. Be6 Kd8 37. Nd2 Kc7 38. Ne4 Ra5 39. Nd2 Qg7 40. Nc4 Ra8 41.
Bg4 1/2-1/2